| 000 | 00838nam a22002297a 4500 | ||
|---|---|---|---|
| 003 | UA-OsUOA | ||
| 001 | 52863 | ||
| 007 | ta | ||
| 008 | 20150910b un ||||| |||| 00| 0 ukr d | ||
| 090 |
_a017:75 _bК29 |
||
| 942 | _cBK | ||
| 040 |
_aUA-OsUOA _bukr _cUA-OsUOA _dUA-OsUOA |
||
| 245 | _aКаталог гравюр XVII-XX ст. з фондів Львівської наукової бібліотеки ім. В. Стефаника АН УРСР (Архітектура Львова) | ||
| 300 | _a48 с. | ||
| 955 | _a1 | ||
| 041 | _aukr | ||
| 080 | _a017:75 | ||
| 260 |
_aК. _bНаукова думка _c1989 |
||
| 650 | 7 |
_a01 Бібліографія і бібліографії. Каталоги _2UDC |
|
| 999 |
_c432984 _d432984 |
||